00509nam a22001697a 450000500170000001000150001702000260003203500130005803700130007108200130008410000180009724500730011526000300018827000690021830000330028750000190032020160407152524.0 aENG-115022 a9788120352100c450.00 aEN-98554 bDBAD/PUB a005.7565 aCouch, Andrew aExtend Microsoft Access applications to the cloud /cby Andrew Couch aDelhibPHI Learningc2016 aRimjhim House, 111, Patparganj Industrial Estate,bDelhie110092 axxv,403p. :c24cm(pbk)bill. aIncludes index